| 000 | 00385cam a2200133ua 4500 | ||
|---|---|---|---|
| 020 | _a8120328345 | ||
| 082 |
_a519.02462 _bJOH/MI |
||
| 100 |
_aJohnson, Richard A . _91352 |
||
| 245 | _aMiller and Freund`s Probability and Statistics for Engineers / | ||
| 250 | _a / 7th | ||
| 260 |
_aNew Delhi : _bPrentice Hall of India Pvt Ltd. , _c1995, 2005 |
||
| 300 | _a630 ; .642 | ||
| 942 | _cBK | ||
| 999 |
_c10052 _d10052 |
||